El cuchillo barco de Il Corso del Coltello / (Record no. 182433)
[ view plain ]
| 000 -LEADER | |
|---|---|
| campo de control de longitud fija | 00842nam a2200217 i 4500 |
| 001 - NÚMERO DE CONTROL | |
| campo de control | 182433 |
| 003 - IDENTIFICADOR DE NÚMERO DE CONTROL | |
| campo de control | ES-MaACL |
| 005 - FECHA Y HORA DE LA ÚLTIMA TRANSACCIÓN | |
| campo de control | 20250411232631.0 |
| 008 - DATOS DE LONGITUD FIJA--INFORMACIÓN GENERAL | |
| campo de control de longitud fija | 130814s1986 sp |||| | spa d |
| 245 03 - MENCIÓN DEL TÍTULO | |
| Título | El cuchillo barco de Il Corso del Coltello / |
| Mención de responsabilidad, etc. | Claes Oldenburg, Coosje van Bruggen, Frank O. Gehry ; comisario Germano Celant. |
| 260 ## - PUBLICACIÓN, DISTRIBUCIÓN, ETC. | |
| Lugar de publicación, distribución, etc. | Milano : |
| Nombre del editor, distribuidor, etc. | Electa ; |
| Lugar de publicación, distribución, etc. | [Madrid] : |
| Nombre del editor, distribuidor, etc. | Ministerio de Cultura, cop. 1986. |
| 300 ## - DESCRIPCIÓN FÍSICA | |
| Extensión | 78 p. : |
| Otras características físicas | il. col. y n. ; |
| Dimensiones | 21 x 30 cm. |
| 500 ## - NOTA GENERAL | |
| Nota general | Representación en el Palacio de Cristal, Parque del Retiro, Madrid, jun. 1986. |
| 504 ## - NOTA DE BIBLIOGRAFÍA, ETC. | |
| Nota de bibliografía, etc. | Bibliografía. |
| 700 0# - ENTRADA AGREGADA--NOMBRE PERSONAL | |
| Nombre de persona | Celant, Germano. |
| 9 (RLIN) | 37344 |
| 700 1# - ENTRADA AGREGADA--NOMBRE PERSONAL | |
| Nombre de persona | Oldenburg, Claes, |
| Fechas asociadas al nombre | 1929- |
| 9 (RLIN) | 153247 |
| 700 1# - ENTRADA AGREGADA--NOMBRE PERSONAL | |
| Nombre de persona | Bruggen, Coosje van. |
| 9 (RLIN) | 153248 |
| 700 1# - ENTRADA AGREGADA--NOMBRE PERSONAL | |
| Nombre de persona | Gehry, Frank O. ( |
| Fechas asociadas al nombre | 1929-) |
| 9 (RLIN) | 153249 |
| 852 ## - LOCALIZACIÓN | |
| Ubicación | ES-MaACL |
| Número de control de estantería | 2324-F-17 |
| Estatus retirado | Estado de pérdida | Estado de daño | No para préstamo | Colección | Biblioteca de origen | Biblioteca actual | Ubicación en estantería | Fecha de adquisición | Fuente de adquisición | Total de préstamos | Signatura topográfica completa | Código de barras | Visto por última vez | Precio de reemplazo | Tipo de ítem Koha |
|---|---|---|---|---|---|---|---|---|---|---|---|---|---|---|---|
| Colección de folletos | Biblioteca del Ateneo de Madrid | Biblioteca del Ateneo de Madrid | Depósito folletos | 14/08/2013 | 2324-F-17 | 1191713 | 23/02/2023 | 23/02/2023 | Folleto |
